|
|
|
|
| LEADER |
00000nam0a2200000 4500 |
| 001 |
160981 |
| 005 |
20231031155751.0 |
| 010 |
|
|
|a 5059924995
|
| 020 |
|
|
|a RU
|b 90-21671
|
| 035 |
|
|
|a (RuTPU)RU\TPU\book\174577
|
| 090 |
|
|
|a 160981
|
| 100 |
|
|
|a 20090601d1989 m y0rusy5003 ca
|
| 101 |
1 |
|
|a rus
|c spa
|
| 102 |
|
|
|a RU
|
| 105 |
|
|
|a c z 000ay
|
| 200 |
1 |
|
|a Город чудес
|e роман
|f Э. Мендоса
|g пер. с исп. Н. Снеткова ; авт. предисл. Н. Матяш
|
| 210 |
|
|
|a Москва
|c Радуга
|d 1989
|
| 215 |
|
|
|a 427,[1] с.
|d 21 см
|
| 610 |
1 |
|
|a Каталония, 19-20 вв.
|
| 610 |
1 |
|
|a романы
|
| 675 |
|
|
|a 86
|z rus
|
| 700 |
|
1 |
|a Мендоса
|b Э.
|g Эдуардо
|4 070
|
| 702 |
|
1 |
|a Снеткова
|b Н.
|4 730
|
| 702 |
|
1 |
|a Матяш
|b Н.
|4 080
|
| 801 |
|
0 |
|a RU
|b RuMRKP
|c 19950417
|g psbo
|
| 801 |
|
1 |
|a RU
|b 63413507
|c 20090601
|g PSBO
|
| 801 |
|
2 |
|a RU
|b 63413507
|c 20090602
|g PSBO
|
| 942 |
|
|
|c BK
|